000 01062nam a2200325 i 4500
999 _c46680
_d46680
001 768714001
003 CO-MdFUSB
005 20200526173823.0
007 ta
008 160829t1996 us a|||g |||| 00| 0 eng d
020 _a0820318132
040 _aCO-MdFUSB
_bEspañol
_cCO-MdFUSB
_dCO-MdFUSB
_erda
041 _aeng
082 _224
_a226.306
_bW337j
100 1 _aWatson, Alan
_dAutor
245 0 0 _aJesus and the law
_c/ Alan Watson
264 1 _aAthens, Georgia :
_bThe University of Georgia Press,
_c[1996]
264 4 _c©1996
300 _a166 páginas
_c; 23 cm
336 _2rdacontent
_atexto
_btxt
337 _2rdamedia
_asin mediación
_bn
338 _2rdacarrier
_avolumen
_bnc
505 _aMarcos 1 - Marcos 2 - Marcos 3 y 5 - Marcos 7 - El divorcio - La llamada limpieza del templo - ¿Para los gentiles? - John - El Sermón de la Montaña - Jesús y sutileza legal
563 _aPasta dura
630 0 7 _aBiblia.
_pEvangelios
653 _aBiblia -- Evangelios
942 _cBK
945 _aJTF-925